[Event "ROM-ch U12"]
[Site "Baile Felix"]
[Date "2017.02.02"]
[Round "1"]
[White "Halmajan, Iulian Teodor"]
[Black "Vilcu, Matei Stefan"]
[Result "0-1"]
[WhiteElo "1273"]
[BlackElo "1667"]
[PlyCount "78"]
[EventDate "2017.02.02"]
[EventType "swiss"]
[EventRounds "9"]
[EventCountry "ROU"]
[SourceTitle "CBM 176 Extra"]
[Source "ChessBase"]
[SourceDate "2017.03.02"]
[SourceVersion "1"]
[SourceVersionDate "2017.03.02"]
[SourceQuality "1"]

1. d4 Nf6 2. Nf3 g6 3. c4 Bg7 4. Nc3 0-0 5. Bf4 d6 6. e3 Nbd7 7. Be2 c6 8. 0-0 Nh5 9. Bg3 Nxg3 10. fxg3 e5 11. Bd3 Qc7 12. Qd2 f5 13. Bc2 Bh6 14. Ne1 Re8 15. Rf3 exd4 16. Qxd4 Ne5 17. Rf1 Ng4 18. Kh1 Bxe3 19. Qd1 Qg7 20. Qxd6 Nxh2 21. Nf3 Nxf1 22. Rxf1 Be6 23. Bb3 Rad8 24. Qb4 f4 25. gxf4 Qh6+ 26. Nh2 Bxf4 27. Rxf4 Qxf4 28. Ne2 Qe3 29. Ng1 Rd2 30. Nf1 Qh6+ 31. Nh2 Qg5 32. g4 Bxg4 33. c5+ Kf8 34. Qc4 Be6 35. Qf1+ Qf5 36. Qxf5+ Bxf5 37. Ngf3 Be4 38. Bc4 Re5 39. Bb3 Rh5 0-1